Państwa składające się z 7liter - Statystyki

Ogólne statystyki
  • Ten quiz został rozwiązany 345 razy
  • Średni wynik to 21 z 33
Statystyki odpowiedzi
Kontynent Odpowiedź % Poprawnych
Europa Szwecja
85%
Europa Francja
81%
Europa Albania
80%
Europa Austria
77%
Europa Estonia
77%
Europa Ukraina
77%
Ameryka Południowa Boliwia
75%
Azja Japonia
74%
Ameryka Południowa Urugwaj
74%
Ameryka Południowa Ekwador
73%
Azja Armenia
71%
Europa Rumunia
70%
Afryka Nigeria
69%
Europa Watykan
69%
Ameryka Południowa Surinam
65%
Afryka Etiopia
64%
Azja Wietnam
64%
Afryka Senegal
63%
Afryka Erytrea
61%
Ameryka Północna Jamajka
61%
Afryka Tunezja
61%
Afryka Kamerun
58%
Afryka Somalia
58%
Azja Bahrajn
56%
Afryka Burundi
56%
Afryka Seszele
55%
Oceania Vanuatu
55%
Afryka Liberia
54%
Azja Malezja
53%
Afryka Dżibuti
52%
Afryka Lesotho
52%
Afryka Namibia
52%
Ameryka Północna Grenada
50%
Nie znaleziono quizów pasujących do podanych kryteriów
Rozkład punktacji
Procent ludzi z każdym wynikiem
Percentyl według liczby udzielonych odpowiedzi
Twoja historia wyników
Nie rozwiązałeś tego quizu